|
|
|
|
| LEADER |
00000nab a2200000 a 4500 |
| 001 |
vtls000595257 |
| 003 |
SK-MaSNL |
| 005 |
20260304090149.0 |
| 008 |
250425c1996 xo 0 slo |
| 015 |
|
|
|a SNBRB19rr/mm-uuuuu
|
| 035 |
|
|
|a CL0595396
|
| 035 |
|
|
|a urn:nbn:sk:snk-abbq59
|
| 035 |
|
|
|a (urnnbn)urn:nbn:sk:snk:ar-a09ukt
|
| 035 |
|
|
|a (uuid)873ba7aa-2ad7-498d-9fd4-87e82ee5e325
|
| 040 |
|
|
|a SNKBUCL
|b slo
|c SNKBUCL
|e AACR2
|
| 041 |
0 |
|
|a cze
|
| 044 |
|
|
|a xo
|c SK
|
| 080 |
|
|
|a 531.133:621.81
|2 1981
|
| 080 |
|
|
|a 621.81
|2 1981
|
| 100 |
1 |
|
|a Lederer, Pavel
|4 aut
|9 730224
|
| 245 |
1 |
0 |
|a Syntéza prostorového vodícího mechanismu RRSC
|c Pavel Lederer
|
| 300 |
|
|
|b Obr. 6, res. angl., lit. 5 zázn. v angl.
|
| 650 |
0 |
7 |
|a mechanizmy vodiace priestorové
|2 snkbucl
|9 1380763
|
| 650 |
0 |
7 |
|a pohyb priestorový
|2 snkbucl
|9 1380764
|
| 655 |
|
7 |
|a články z novín a časopisov
|2 snkbucl
|9 267496
|
| 773 |
0 |
|
|t Strojnícky časopis
|g Roč. 47, č. 3 (1996), s. 194-205
|x 0039-2472
|
| 850 |
|
|
|a Slovenská národná knižnica
|
| 852 |
|
|
|a Slovenská národná knižnica
|
| 958 |
|
|
|a article15
|
| 958 |
|
|
|a OND
|
| 958 |
|
|
|a NB
|
| 958 |
|
|
|a RK
|
| 958 |
|
|
|a CZ
|
| 958 |
|
|
|a EUIPO
|
| 992 |
|
|
|a RBX
|
| 999 |
|
|
|c 2810521
|d 2812451
|